000 02679nam a2200469 c 4500
003 BLK
005 20240205100545.0
008 180408b bul|||||r ||||||| ||bul||
010 _aKNG00082583000
020 _a954-771-123-7
_bиздат.: Кръгозор
040 _aBLK
041 _aBUL
_cBUL
080 _aИкономическа психология. Икономическо поведение. Физиологични и психологични елементи. Интереси. Икономически дух
_b330.16
_x(02.062)
_z330.16(02.062)
080 _aКриминална социология. Престъплението като обществено явление. Сравнителен криминалитет. Причини и влияния на престъпленията. Социални фактори на престъпленията
_b343.97
_x(02.062)
_z343.97(02.062)
080 _aЕтика на бизнеса. Успех
_b174.4
_x(02.062)
_z174.4(02.062)
080 _aСправедливост към другите. Честност. Кражба. Измама
_b177.9
_x(02.062)
_z177.9(02.062)
100 1 _aЛевит, Стивън
_eпърви автор
_9298590
700 1 _aДъбнър, Стивън
_eсъавт.
_965916
700 _aПанайотова, Росица Христова
_d1957-
_9371242
139 _aЛевит, Стивън и др.
_bЛ 35
245 1 0 _aГолемите измами и как всички участваме в тях
_cСтивън Левит; съавт. Стивън Дъбнър; прев. Росица Христова Панайотова.
257 _aUSA
260 София
_bКръгозор
_c2006
300 _a272 с.
_c20 см
380 _a1
500 _aОриг. загл. Freakonomics / Steven D. Levit, Stephen J. Dubner.
650 4 _aИзмами
_9156494
650 4 _aСтопанска етика - популярна литература
_9298591
650 4 _aИкономическо поведение - психологични проблеми - популярна литература
_9298592
650 4 _aСтопански престъпления
_9271114
653 _aикономическо поведение
653 _aикономически измами
653 _aизмами
653 _aстопанска етика
653 _aстопански престъпления
852 _aЦб 239171
856 4 _qpdf
_u
856 4 _qpdf
_u
942 _cKNG
_n0
_07
944 _aCR
_c21.03.2008
_lТеодора Пейчева-Дянкова
_k30556
944 _aED
_c10.04.2013
_lф /
_k
999 _c78118
_d78118